| 000 | 00743cam a2200265 4500500 | ||
|---|---|---|---|
| 005 | 20260405002826.0 | ||
| 041 | _afre | ||
| 042 | _adc | ||
| 100 | 1 | 0 |
_aLevine, Emmanuel _eauthor |
| 245 | 0 | 0 | _a“Sopro”, le théâtre retient son souffle |
| 260 | _c2018. | ||
| 500 | _a86 | ||
| 690 | _aavignon | ||
| 690 | _aCristina Vidal | ||
| 690 | _aDiderot | ||
| 690 | _aFestival d’Avignon | ||
| 690 | _aPlaton | ||
| 690 | _aRuine | ||
| 690 | _aSouffle | ||
| 690 | _aThéâtre | ||
| 690 | _aThumos | ||
| 690 | _aTiago Rodrigues | ||
| 786 | 0 | _nPhilosophie magazine | 124 | 11 | 2018-11-01 | p. 66-67 | 1951-1787 | |
| 856 | 4 | 1 | _uhttps://shs.cairn.info/magazine-philosophie-magazine-2018-11-page-66?lang=fr&redirect-ssocas=7080 |
| 999 |
_c2061519 _d2061519 |
||